<?xml version="1.0" encoding="UTF-8"?><record xmlns="http://www.loc.gov/MARC21/slim" xmlns:zs="http://docs.oasis-open.org/ns/search-ws/sruResponse">
  <leader>01977nim a2200421 a 4500</leader>
  <controlfield tag="001">5732882</controlfield>
  <controlfield tag="005">20250607224220.0</controlfield>
  <controlfield tag="007">stuomndmbnnnu</controlfield>
  <controlfield tag="008">940325s1994    dcunnn         p    eng  </controlfield>
  <datafield ind1=" " ind2=" " tag="035">
    <subfield code="a">5732882</subfield>
  </datafield>
  <datafield ind1=" " ind2=" " tag="906">
    <subfield code="a">7</subfield>
    <subfield code="b">cbc</subfield>
    <subfield code="c">orignew</subfield>
    <subfield code="d">2</subfield>
    <subfield code="e">ncip</subfield>
    <subfield code="f">19</subfield>
    <subfield code="g">y-genmusic</subfield>
  </datafield>
  <datafield ind1=" " ind2=" " tag="955">
    <subfield code="a">LCAP batch update 2025-06-02-04:00: LCAPM-1022</subfield>
  </datafield>
  <datafield ind1=" " ind2=" " tag="010">
    <subfield code="a">   94838506 </subfield>
  </datafield>
  <datafield ind1="0" ind2=" " tag="033">
    <subfield code="a">19940310</subfield>
    <subfield code="b">3850</subfield>
  </datafield>
  <datafield ind1=" " ind2=" " tag="035">
    <subfield code="9">(DLC)   94838506</subfield>
  </datafield>
  <datafield ind1=" " ind2=" " tag="040">
    <subfield code="a">DLC</subfield>
    <subfield code="c">DLC</subfield>
  </datafield>
  <datafield ind1="0" ind2=" " tag="041">
    <subfield code="a">eng</subfield>
    <subfield code="a">sio</subfield>
  </datafield>
  <datafield ind1="0" ind2="0" tag="050">
    <subfield code="a">RWD 5677</subfield>
  </datafield>
  <datafield ind1="0" ind2="0" tag="245">
    <subfield code="a">Native American poetry evening</subfield>
    <subfield code="h">[sound recording] :</subfield>
    <subfield code="b">the children speak.</subfield>
  </datafield>
  <datafield ind1=" " ind2=" " tag="260">
    <subfield code="c">1994.</subfield>
  </datafield>
  <datafield ind1=" " ind2=" " tag="300">
    <subfield code="a">1 sound tape reel :</subfield>
    <subfield code="b">analog, 7 1/2 ips, 2 track, mono. ;</subfield>
    <subfield code="c">10 in.</subfield>
  </datafield>
  <datafield ind1=" " ind2=" " tag="336">
    <subfield code="a">spoken word</subfield>
    <subfield code="b">spw</subfield>
    <subfield code="2">rdacontent</subfield>
  </datafield>
  <datafield ind1=" " ind2=" " tag="337">
    <subfield code="a">audio</subfield>
    <subfield code="b">s</subfield>
    <subfield code="2">rdamedia</subfield>
  </datafield>
  <datafield ind1=" " ind2=" " tag="338">
    <subfield code="a">audiotape reel</subfield>
    <subfield code="b">st</subfield>
    <subfield code="2">rdacarrier</subfield>
  </datafield>
  <datafield ind1=" " ind2=" " tag="500">
    <subfield code="a">Chiefly in English with some poetry read in Crow and then translated.</subfield>
  </datafield>
  <datafield ind1=" " ind2=" " tag="500">
    <subfield code="a">Sponsored by the Gertrude Clarke Whittall Poetry and Literature Fund, Library of Congress, Washington, D.C., and the Geraldine R. Dodge Foundation.</subfield>
  </datafield>
  <datafield ind1=" " ind2=" " tag="500">
    <subfield code="a">Recorded for the Archive of Recorded Poetry and Literature.</subfield>
  </datafield>
  <datafield ind1="0" ind2=" " tag="511">
    <subfield code="a">Host and commentator, Mick Fedullo.</subfield>
  </datafield>
  <datafield ind1=" " ind2=" " tag="518">
    <subfield code="a">Recorded Mar. 10, 1994, in the Mumford Room at the Library of Congress in Washington, D.C.</subfield>
  </datafield>
  <datafield ind1=" " ind2=" " tag="520">
    <subfield code="a">Poet and consultant in American Indian education Mick Fedullo brings six children from Montana's Crow reservation to read their poems. The featured poets are Yolanda Old Dwarf, Mike Beaumont, Mike Laforge, Chuck Lance, Loretta Shane, and Scott Plain Bull. A slide show accompanied the readings.</subfield>
  </datafield>
  <datafield ind1=" " ind2="0" tag="650">
    <subfield code="a">Crow Indians</subfield>
    <subfield code="x">Poetry.</subfield>
  </datafield>
  <datafield ind1=" " ind2="0" tag="650">
    <subfield code="a">Indians of North America</subfield>
    <subfield code="z">Montana</subfield>
    <subfield code="x">Poetry.</subfield>
  </datafield>
  <datafield ind1="1" ind2=" " tag="700">
    <subfield code="a">Fedullo, Mick,</subfield>
    <subfield code="d">1949-</subfield>
  </datafield>
  <datafield ind1="2" ind2=" " tag="710">
    <subfield code="a">Gertrude Clarke Whittall Poetry and Literature Fund.</subfield>
  </datafield>
  <datafield ind1="2" ind2=" " tag="710">
    <subfield code="a">Geraldine R. Dodge Foundation.</subfield>
  </datafield>
  <datafield ind1="2" ind2=" " tag="710">
    <subfield code="a">Archive of Recorded Poetry and Literature (Library of Congress)</subfield>
  </datafield>
  <datafield ind1=" " ind2=" " tag="953">
    <subfield code="a">TA28</subfield>
  </datafield>
  <datafield ind1=" " ind2=" " tag="991">
    <subfield code="b">c-RecSound</subfield>
    <subfield code="h">RWD 5677</subfield>
    <subfield code="w">MUSIC</subfield>
  </datafield>
</record>
